000 00744nam a2200217Ii 4500
003 JO-AjNU
008 230605s9999||||xx |||||||||||||| ||und||
017 _a2012/1/1112
040 _aJO-AjNU
_bara
_erda
_cJO-AjNU
041 _aara
050 1 4 _aPJ7838.S3.A16 2012
100 3 _aالموسى، عصام سليمان,
_eauthor
_957469
245 0 0 _aوستشرق الشمس ايضا
250 _aط1
264 3 1 _aعمان: دار البيروني للنشر والتوزيع، 2012
300 _a281ص
_bببليوجرافيا:277-281
336 _atext
_btxt
_2rdacontent
337 _aunmediated
_bn
_2rdamedia
338 _avolume
_bnc
_2rdacarrier
650 4 _aالقصص العربيه القصيره-العصر الحديث
_957470
999 _aA25757
_c29325
_d29325